000 00684nam a2200241Ia 4500
001 11355
003 GE_BSU
008 181216s||||||||xx |||||||||||||| ||und||
020 _a9785388006943
040 _cGE_BSU
080 _a323.174(075)
100 _aКосов,Ю.В; В.В.Фокина.
245 _aПолитическая регионалистика.
245 _bУчебное пособие.
245 _cРед:М.Трофимова; Е.Власова.
260 _aСПБ.
260 _bПИТЕР.
260 _c2009.
300 _a192стр;21см.
541 _h12л.
653 _aПолитическая регионалистика.
942 _cBK
999 _c44552
_d44552